000 00475nam a2200145 4500
001 123876
003 ES-MaACL
007 t|
008 070214s1902 sp r ||||1| spa d
100 1 _aRamírez de Arellano, Teodomiro.
_995132
245 1 0 _aRomances histórico-tradicionales de Córdoba /
_cpor Don Teodomiro Ramírez de Arellano.
260 _aCórdoba :
_b[s. n.],
_c1902 (
_fImp. y Papelería Catalana)
300 _a569 p. ;
_c23 x 17 cm.
852 _aES-MaACL
_jG-3621
999 _c123876
_d123876